| 000 | 00456nam a2200157Ia 4500 | ||
|---|---|---|---|
| 999 |
_c20018 _d20018 |
||
| 003 | OSt | ||
| 005 | 20200702114908.0 | ||
| 008 | 190216s9999||||xx |||||||||||||| ||und|| | ||
| 040 | _coclc | ||
| 082 |
_a923 _bWED/A |
||
| 100 |
_aWedderburn, William _93451 |
||
| 245 | 0 |
_aAllan Octavian Hume / _cWilliam Wedderburn |
|
| 260 |
_bDeep&Deep Publications, _c1988. _aNewdelhi: |
||
| 300 | _a182p | ||
| 942 |
_cBK _2ddc _h923 _iWED/A _k923 _mWED/A |
||